Talking trilingual dictionary of Raji : (Record no. 27099)

MARC details
000 -LEADER
fixed length control field 00426nam a2200133Ia 4500
041 ## - LANGUAGE CODE
Language code of text/sound track or separate title English
082 ## - DEWEY DECIMAL CLASSIFICATION NUMBER
Classification number RR.0296
100 ## - MAIN ENTRY--AUTHOR NAME
Personal name Rastogi, Kavita
Affiliation University of Lucknow
245 #0 - TITLE STATEMENT
Title Talking trilingual dictionary of Raji :
Sub Title an endangered language /
Statement of responsibility, etc Kavita Rastogi
260 ## - PUBLICATION, DISTRIBUTION, ETC. (IMPRINT)
Place of publication New Delhi :
Name of publisher/Sponsor Indian Council of Social Science Research,
300 ## - PHYSICAL DESCRIPTION
Number of Pages 27p.
650 ## - SUBJECT ADDED ENTRY--TOPICAL TERM
Topical Term Sociology
General subdivision Dictionaries
-- Polyglot
942 ## - ADDED ENTRY ELEMENTS (KOHA)
Source of classification or shelving scheme Dewey Decimal Classification
Koha item type Books
Holdings
Withdrawn status Lost status Damaged status Not for loan Collection code Home library Current library Date acquired Source of acquisition Full call number Accession Number Price effective from Koha item type
      Not For Loan ICSSR Research Project Reports NASSDOC Library NASSDOC Library 24/11/2021 Gifted by: RP Division ICSSR RR.0296 51731 21/12/2021 Research Reports